000 00999nam a2200325 a 4500
003 AR-BaBNM
005 20251128203528.0
008 082120s2002 ||||||||||||||000 | spa||
020 _a950-21-088-9
040 _cAR-BaBNM
100 1 _aBarletta, Ricardo
245 0 0 _aOrígenes del hombre, de la sociedad y de la cultura
_bEspaña, Tartessos y nosotros, los argentinos
260 _aBuenos Aires
_bPlus Ultra
_c1992
300 _axii, 591 p.
500 _aNotas y otros autores consultados al pie de los capítulos
500 _aContiene referencias bibliográficas en p. 551
500 _aIndice onomástico y analítico en p. 557
650 4 _aHISTORIA ARGENTINA
650 4 _aSOCIOLOGIA CULTURAL
650 4 _aESTUDIOS CULTURALES
650 4 _aLITERATURA
650 4 _aINVESTIGACION HISTORICA
650 4 _aCIENCIAS SOCIALES
650 4 _aFILOSOFIA
650 4 _aHISTORIA POLITICA
650 4 _aHISTORIA CULTURAL
651 4 _aEspaña
942 _cBK
998 _cMARTIN
999 _c3802
_d3802